[Event "SUI-chT"]
[Site "Switzerland"]
[Date "2023.05.14"]
[Round "4.5"]
[White "Mutschnik, Illya"]
[Black "Fend, Juergen"]
[Result "1/2-1/2"]
[WhiteElo "2374"]
[BlackElo "2250"]
[PlyCount "82"]
[EventDate "2023.04.16"]
[EventType "team-tourn"]
[EventRounds "9"]
[EventCountry "SUI"]
[SourceTitle "EXT 2024"]
[Source "ChessBase"]
[SourceDate "2023.10.10"]
[SourceVersion "1"]
[SourceVersionDate "2023.10.10"]
[SourceQuality "1"]
[WhiteTeam "Zuerich"]
[BlackTeam "Wollishofen"]
[WhiteTeamCountry "SUI"]
[BlackTeamCountry "SUI"]

1. e4 c6 2. d4 d5 3. exd5 cxd5 4. c4 Nf6 5. Nc3 Nc6 6. Nf3 Bg4 7. cxd5 Nxd5 8. Qb3 Bxf3 9. gxf3 e6 10. Qxb7 Nxd4 11. Bb5+ Nxb5 12. Qc6+ Ke7 13. Qxb5 Nxc3 14. bxc3 Rb8 15. Qc5+ Ke8 16. Qxa7 Bd6 17. Qa4+ Qd7 18. Qxd7+ Kxd7 19. Ke2 Rhc8 20. Bd2 Be5 21. Kd3 Rb2 22. f4 Rxd2+ 23. Kxd2 Bxc3+ 24. Kd3 Bxa1 25. Rxa1 Ra8 26. a4 Ra5 27. f3 Kd6 28. Ke4 Kc6 29. Rc1+ Kb6 30. Rb1+ Ka6 31. Rb4 Rh5 32. Rb2 Ra5 33. Rb4 Rh5 34. Rb2 Ka5 35. Rg2 g6 36. Ra2 Rf5 37. Ra1 Rh5 38. Ra2 Rf5 39. Ra1 Rc5 40. Ra2 Rh5 41. Kd4 Rf5 1/2-1/2

[Event "SUI-chT"]
[Site "Switzerland"]
[Date "2023.04.16"]
[Round "1.5"]
[White "Mutschnik, Illya"]
[Black "Guex, Pascal"]
[Result "1-0"]
[WhiteElo "2365"]
[BlackElo "2139"]
[PlyCount "79"]
[EventDate "2023.04.16"]
[EventType "team-tourn"]
[EventRounds "9"]
[EventCountry "SUI"]
[SourceTitle "CBM 213 Extra"]
[Source "ChessBase"]
[SourceDate "2023.05.31"]
[SourceVersion "1"]
[SourceVersionDate "2023.05.31"]
[SourceQuality "1"]
[WhiteTeam "Zuerich"]
[BlackTeam "Nyon"]
[WhiteTeamCountry "SUI"]
[BlackTeamCountry "SUI"]

1. e4 e5 2. Nf3 Nc6 3. Bb5 a6 4. Bxc6 dxc6 5. 0-0 Bg4 6. h3 Bh5 7. g4 Bg6 8. Nxe5 Qh4 9. Qf3 f6 10. Nxg6 hxg6 11. Kg2 0-0-0 12. Qg3 Qh7 13. f4 Bd6 14. Qf3 g5 15. f5 Bf4 16. d3 Bxc1 17. Rxc1 Ne7 18. Nc3 c5 19. Re1 Nc6 20. Nd5 Ne5 21. Qg3 Qh4 22. Rad1 Qxg3+ 23. Kxg3 Rh4 24. Rh1 Rdh8 25. Ne3 Rd8 26. Ng2 Rhh8 27. h4 gxh4+ 28. Rxh4 Rxh4 29. Nxh4 Rh8 30. Ng2 Nf7 31. Nf4 Ng5 32. Nh5 Rg8 33. Kf4 Nh7 34. Ke3 Ng5 35. c3 Kd7 36. Rh1 Ke7 37. d4 cxd4+ 38. cxd4 Kd6 39. Kf4 Nf7 40. e5+ 1-0

[Event "BL2-Sued 1920"]
[Site "Germany"]
[Date "2019.12.07"]
[Round "5.7"]
[White "Bethke, Richard"]
[Black "Mutschnik, Illya"]
[Result "0-1"]
[WhiteElo "2368"]
[BlackElo "2382"]
[PlyCount "88"]
[EventDate "2019.10.19"]
[EventType "team-tourn"]
[EventRounds "11"]
[EventCountry "GER"]
[SourceTitle "CBM 194 Extra"]
[Source "ChessBase"]
[SourceDate "2020.03.31"]
[SourceVersion "1"]
[SourceVersionDate "2020.03.31"]
[SourceQuality "1"]
[WhiteTeam "Neuberg"]
[BlackTeam "Baden-Baden II"]
[WhiteTeamCountry "GER"]
[BlackTeamCountry "GER"]

1. e4 c5 2. Nf3 e6 3. d4 cxd4 4. Nxd4 Nc6 5. Nc3 Qc7 6. Be2 a6 7. 0-0 Nf6 8. Be3 Bb4 9. Na4 Bd6 10. Nxc6 bxc6 11. Nb6 Rb8 12. Nxc8 Rxc8 13. Bxa6 Ra8 14. Bd3 Bxh2+ 15. Kh1 Bf4 16. Bd4 Be5 17. Bxe5 Qxe5 18. c3 Nxe4 19. Qe2 f5 20. Bxe4 fxe4 21. f4 Qf5 22. g4 Qg6 23. f5 Qh6+ 24. Kg2 0-0 25. Qxe4 exf5 26. Rxf5 Qd2+ 27. Kg3 Rxf5 28. gxf5 Qxb2 29. Qc4+ Kh8 30. Re1 Qd2 31. Re2 Qg5+ 32. Qg4 Qf6 33. Re3 Rf8 34. a4 g6 35. Qd4 Qxd4 36. cxd4 Rxf5 37. Re5 Rf8 38. Re7 Ra8 39. Rxd7 Rxa4 40. Kf3 Rc4 41. Ke3 c5 42. dxc5 Rxc5 43. Kf4 Rf5+ 44. Kg4 Kg8 0-1

[Event "SUI-chT"]
[Site "Switzerland"]
[Date "2019.10.19"]
[Round "8.7"]
[White "Mutschnik, Illya"]
[Black "Burri, Quentin"]
[Result "1/2-1/2"]
[WhiteElo "2398"]
[BlackElo "2422"]
[PlyCount "71"]
[EventDate "2019.03.10"]
[EventType "team-tourn"]
[EventRounds "9"]
[EventCountry "SUI"]
[SourceTitle "CBM 192 Extra"]
[Source "Chessbase"]
[SourceDate "2019.11.06"]
[SourceVersion "1"]
[SourceVersionDate "2019.11.06"]
[SourceQuality "1"]
[WhiteTeam "Zuerich"]
[BlackTeam "Geneve"]
[WhiteTeamCountry "SUI"]
[BlackTeamCountry "SUI"]

1. e4 c5 2. Nf3 d6 3. d4 cxd4 4. Nxd4 Nf6 5. Nc3 a6 6. Be3 e5 7. Nb3 Be6 8. Qd2 Be7 9. 0-0-0 Nbd7 10. f4 b5 11. f5 Bc4 12. Kb1 Rc8 13. g4 Nxg4 14. Rg1 Ndf6 15. Bg5 Bxf1 16. Rdxf1 b4 17. Nd5 Nxd5 18. Bxe7 Kxe7 19. exd5 Nf6 20. Qxb4 Qc7 21. Qd2 Qc4 22. Rd1 Kf8 23. Qg2 Rg8 24. Rd3 Qe4 25. Qf2 g6 26. fxg6 Rxg6 27. Rf1 Rc7 28. Rf3 Nxd5 29. Rxf7+ Ke8 30. Rf8+ Kd7 31. Qf7+ Ne7 32. Qe8+ Ke6 33. Qf7+ Kd7 34. Qe8+ Ke6 35. Qf7+ Kd7 36. Qe8+ 1/2-1/2

[Event "SUI-chT"]
[Site "Switzerland"]
[Date "2019.05.05"]
[Round "4.5"]
[White "Mutschnik, Illya"]
[Black "Flueckiger, Thomas"]
[Result "0-1"]
[WhiteElo "2398"]
[BlackElo "2215"]
[PlyCount "52"]
[EventDate "2019.03.10"]
[EventType "team-tourn"]
[EventRounds "9"]
[EventCountry "SUI"]
[SourceTitle "CBM 190 Extra"]
[Source "ChessBase"]
[SourceDate "2019.07.15"]
[SourceVersion "1"]
[SourceVersionDate "2019.07.15"]
[SourceQuality "1"]
[WhiteTeam "Zuerich"]
[BlackTeam "Solothurn"]
[WhiteTeamCountry "SUI"]
[BlackTeamCountry "SUI"]

1. e4 e5 2. Nf3 d6 3. d4 exd4 4. Nxd4 Nf6 5. Nc3 Be7 6. Bf4 0-0 7. Qd2 a6 8. 0-0-0 b5 9. f3 c5 10. Nde2 b4 11. Nd5 Nxd5 12. exd5 Nd7 13. g4 Nb6 14. Ng3 Bb7 15. Nf5 Nxd5 16. Nxe7+ Qxe7 17. Bg3 Qd7 18. Kb1 Rfe8 19. Qf2 Qa4 20. Bd3 Nc3+ 21. bxc3 bxc3 22. Ka1 Bd5 23. Bxh7+ Kxh7 24. Rxd5 Qa3 25. Rb1 Rab8 26. Rh5+ Kg8 0-1

[Event "SUI-chT"]
[Site "Switzerland"]
[Date "2018.10.27"]
[Round "8.6"]
[White "Cvitan, Ognjen"]
[Black "Mutschnik, Illya"]
[Result "1-0"]
[WhiteElo "2442"]
[BlackElo "2424"]
[PlyCount "73"]
[EventDate "2018.03.25"]
[EventType "team-tourn"]
[EventRounds "9"]
[EventCountry "SUI"]
[SourceTitle "CBM 187 Extra"]
[Source "ChessBase"]
[SourceDate "2018.11.04"]
[SourceVersion "1"]
[SourceVersionDate "2018.11.04"]
[SourceQuality "1"]
[WhiteTeam "Riehen"]
[BlackTeam "Zuerich"]
[WhiteTeamCountry "SUI"]
[BlackTeamCountry "SUI"]

1. d4 Nf6 2. c4 g6 3. Nf3 Bg7 4. g3 0-0 5. Bg2 d6 6. 0-0 Nc6 7. Nc3 a6 8. b3 e5 9. dxe5 dxe5 10. Bg5 Be6 11. Qc1 Qc8 12. Rd1 Nd7 13. Bh6 f6 14. Bxg7 Kxg7 15. Nd2 Rf7 16. Qa3 h5 17. h4 Nd4 18. Rac1 Bg4 19. Re1 Nf8 20. e3 Nc6 21. Nde4 Ne6 22. Nd5 g5 23. hxg5 Nxg5 24. Nxg5 fxg5 25. f4 h4 26. gxh4 gxh4 27. Kh2 Qf5 28. Rg1 Kh8 29. Be4 Qh5 30. Rg2 Bf5 31. Bxf5 Rxf5 32. Rcg1 h3 33. Rg4 Qf7 34. Qb2 Rh5 35. Qf2 Rf8 36. Qg3 Qh7 37. Nf6 1-0

[Event "EU-Cup 34th"]
[Site "Porto Carras"]
[Date "2018.10.18"]
[Round "7.3"]
[White "Kosic, Dragan"]
[Black "Mutschnik, Illya"]
[Result "1/2-1/2"]
[WhiteElo "2470"]
[BlackElo "2411"]
[PlyCount "68"]
[EventDate "2018.10.12"]
[EventType "team-swiss"]
[EventRounds "7"]
[EventCountry "GRE"]
[SourceTitle "CBM 187"]
[Source "ChessBase"]
[SourceDate "2018.12.11"]
[SourceVersion "1"]
[SourceVersionDate "2018.12.11"]
[SourceQuality "1"]
[WhiteTeam "Sloven Ruma"]
[BlackTeam "Zuerich SG"]
[WhiteTeamCountry "SRB"]
[BlackTeamCountry "SUI"]

1. d4 Nf6 2. Nf3 g6 3. Bg5 Bg7 4. Nbd2 0-0 5. c3 d6 6. e3 h6 7. Bh4 c5 8. Bd3 Nc6 9. 0-0 Nh5 10. Ne1 f5 11. f4 Qe8 12. dxc5 dxc5 13. e4 fxe4 14. Nxe4 b6 15. Bb5 Kh7 16. Nd3 a6 17. Bc4 Bf5 18. Qe2 Na5 19. Ne5 Nxf4 20. Rxf4 Bxe5 21. Rff1 Nxc4 22. Qxc4 Qb5 23. Qd5 c4 24. Qxb5 axb5 25. Bxe7 Rfe8 26. Nf6+ Bxf6 27. Bxf6 Re2 28. Rf2 Rae8 29. Bd4 Re1+ 30. Rxe1 Rxe1+ 31. Rf1 Re2 32. g4 Bd3 33. Rf7+ Kg8 34. Rf6 Rxb2 1/2-1/2

[Event "EU-Cup 34th"]
[Site "Porto Carras"]
[Date "2018.10.13"]
[Round "2.4"]
[White "Petursson, Margeir"]
[Black "Mutschnik, Illya"]
[Result "1-0"]
[WhiteElo "2486"]
[BlackElo "2411"]
[PlyCount "77"]
[EventDate "2018.10.12"]
[EventType "team-swiss"]
[EventRounds "7"]
[EventCountry "GRE"]
[SourceTitle "CBM 187"]
[Source "ChessBase"]
[SourceDate "2018.12.11"]
[SourceVersion "1"]
[SourceVersionDate "2018.12.11"]
[SourceQuality "1"]
[WhiteTeam "Reykjavik"]
[BlackTeam "Zuerich SG"]
[WhiteTeamCountry "ISL"]
[BlackTeamCountry "SUI"]

1. d4 Nf6 2. c4 g6 3. Nc3 Bg7 4. e4 d6 5. Be2 0-0 6. Bg5 c5 7. d5 h6 8. Bf4 e6 9. dxe6 Bxe6 10. Qd2 Qa5 11. Bxh6 Bxh6 12. Qxh6 Nxe4 13. Rc1 Nxc3 14. Rxc3 Qxa2 15. Qc1 Qa5 16. h4 Kg7 17. h5 Rh8 18. Nf3 Nd7 19. Ng5 Rae8 20. Kf1 Rh6 21. g4 Ne5 22. Rg3 Bd7 23. Rhh3 Reh8 24. Kg2 f6 25. Ne4 Bc6 26. Qe3 Nf7 27. Bf3 Re8 28. hxg6 Rxh3 29. gxf7 Rxg3+ 30. Kxg3 Re6 31. Qh6+ Kxf7 32. g5 Bxe4 33. Bxe4 Qe1 34. g6+ Ke7 35. Qh7+ Kd8 36. g7 Re8 37. g8Q Rxg8+ 38. Qxg8+ Ke7 39. Qg7+ 1-0

[Event "SUI-chT"]
[Site "Switzerland"]
[Date "2018.04.29"]
[Round "3.6"]
[White "Hofmann, Michael"]
[Black "Mutschnik, Illya"]
[Result "1-0"]
[WhiteElo "2289"]
[BlackElo "2424"]
[PlyCount "77"]
[EventDate "2018.03.25"]
[EventType "team-tourn"]
[EventRounds "9"]
[EventCountry "SUI"]
[SourceTitle "EXT 2019"]
[Source "ChessBase"]
[SourceDate "2018.10.10"]
[SourceVersion "1"]
[SourceVersionDate "2018.10.10"]
[SourceQuality "1"]
[WhiteTeam "Reti"]
[BlackTeam "Zuerich"]
[WhiteTeamCountry "SUI"]
[BlackTeamCountry "SUI"]

1. d4 Nf6 2. Bf4 g6 3. Nc3 Bg7 4. e4 d6 5. Qd2 0-0 6. 0-0-0 Nbd7 7. Nf3 c6 8. e5 Ne8 9. h4 dxe5 10. dxe5 Qa5 11. h5 Nxe5 12. Bxe5 Bxe5 13. hxg6 fxg6 14. Bc4+ e6 15. Nxe5 Qxe5 16. g3 Nc7 17. Rde1 Qg7 18. Ne4 b5 19. Bb3 a5 20. a3 Qe7 21. Ng5 h5 22. f4 c5 23. c4 b4 24. Qd3 Qg7 25. Bc2 Bb7 26. Rh2 Rf6 27. a4 Qe7 28. Rd2 Re8 29. b3 Qg7 30. Re5 Qe7 31. Qe3 Na6 32. Re2 Bc8 33. Be4 Rd8 34. Bc2 Rd6 35. Ne4 Rd8 36. Nxf6+ Qxf6 37. Rd2 Kg7 38. Rxd8 Qxd8 39. Rg5 1-0

[Event "BL2-Sued 1718"]
[Site "Germany"]
[Date "2018.02.24"]
[Round "9.7"]
[White "Mutschnik, Illya"]
[Black "Fedorchuk, Sergey A"]
[Result "0-1"]
[WhiteElo "2431"]
[BlackElo "2640"]
[PlyCount "58"]
[EventDate "2017.10.21"]
[EventType "team-tourn"]
[EventRounds "10"]
[EventCountry "GER"]
[SourceTitle "CBM 183 Extra"]
[Source "ChessBase"]
[SourceDate "2018.04.19"]
[SourceVersion "1"]
[SourceVersionDate "2018.04.19"]
[SourceQuality "1"]
[WhiteTeam "Baden-Baden II"]
[BlackTeam "Viernheim"]
[WhiteTeamCountry "GER"]
[BlackTeamCountry "GER"]

1. e4 e5 2. Nf3 Nc6 3. Bb5 a6 4. Bxc6 dxc6 5. 0-0 f6 6. d4 exd4 7. Nxd4 c5 8. Ne2 Qxd1 9. Rxd1 Bd7 10. Nbc3 0-0-0 11. Be3 Re8 12. f3 f5 13. Kf2 Nf6 14. exf5 Bxf5 15. Rd2 Be7 16. Nf4 b6 17. Ncd5 Bd8 18. c4 g5 19. Ne2 Nxd5 20. cxd5 Kd7 21. a4 a5 22. Nc3 Rhf8 23. Re2 Bf6 24. Ree1 h5 25. Rad1 Rf7 26. h3 g4 27. hxg4 hxg4 28. g3 Bc2 29. Bf4 Bxd1 0-1

[Event "BL2-Sued 1718"]
[Site "Germany"]
[Date "2017.12.10"]
[Round "6.5"]
[White "Shevchenko, Kirill"]
[Black "Mutschnik, Illya"]
[Result "1-0"]
[WhiteElo "2531"]
[BlackElo "2431"]
[PlyCount "83"]
[EventDate "2017.10.21"]
[EventType "team-tourn"]
[EventRounds "10"]
[EventCountry "GER"]
[SourceTitle "CBM 183 Extra"]
[Source "ChessBase"]
[SourceDate "2018.04.19"]
[SourceVersion "1"]
[SourceVersionDate "2018.04.19"]
[SourceQuality "1"]
[WhiteTeam "Emmendingen"]
[BlackTeam "Baden-Baden II"]
[WhiteTeamCountry "GER"]
[BlackTeamCountry "GER"]

1. d4 Nf6 2. c4 g6 3. Nc3 Bg7 4. e4 0-0 5. Nf3 d6 6. h3 e5 7. d5 Na6 8. Bg5 h6 9. Be3 Nc5 10. Nd2 a5 11. g4 Nfd7 12. Qc2 Nb6 13. Rg1 c6 14. 0-0-0 Bd7 15. Nb3 Nxb3+ 16. Qxb3 c5 17. a4 Ra6 18. Qc2 Kh7 19. h4 Qe8 20. b3 Qe7 21. Be2 Bc8 22. Rh1 Nd7 23. Rdg1 Ra8 24. Bf3 Rh8 25. Ne2 Kg8 26. Ng3 Nf8 27. Qd2 b6 28. Kb1 Ra7 29. Ka2 Rh7 30. Qd1 Rc7 31. g5 h5 32. Bxh5 gxh5 33. Nxh5 Ng6 34. Nf6+ Bxf6 35. gxf6 Qxf6 36. h5 Kf8 37. hxg6 fxg6 38. Rg3 Rxh1 39. Qxh1 Rf7 40. Rf3 Qxf3 41. Qh8+ Ke7 42. Bg5+ 1-0

[Event "SUI-chT"]
[Site "Switzerland"]
[Date "2017.09.03"]
[Round "7.7"]
[White "Baenziger, Fabian"]
[Black "Mutschnik, Illya"]
[Result "1/2-1/2"]
[WhiteElo "2341"]
[BlackElo "2424"]
[PlyCount "46"]
[EventDate "2017.03.19"]
[EventType "team-swiss"]
[EventRounds "9"]
[EventCountry "SUI"]
[SourceTitle "EXT 2018"]
[Source "ChessBase"]
[SourceDate "2017.10.13"]
[SourceVersion "1"]
[SourceVersionDate "2017.10.13"]
[SourceQuality "1"]
[WhiteTeam "Luzern"]
[BlackTeam "Zuerich"]
[WhiteTeamCountry "SUI"]
[BlackTeamCountry "SUI"]

1. d4 Nf6 2. Bg5 Ne4 3. Bf4 c5 4. f3 Qa5+ 5. c3 Nf6 6. Nd2 cxd4 7. Nb3 Qb6 8. Qxd4 Nc6 9. Qxb6 axb6 10. Nd4 e5 11. Nxc6 exf4 12. Nd4 d5 13. g3 Bd6 14. gxf4 Bxf4 15. Kf2 0-0 16. e3 Bh6 17. Bb5 g6 18. Nge2 Ra5 19. Rhd1 Nh5 20. Ng3 Nf6 21. Nge2 Nh5 22. Ng3 Nf6 23. Nge2 Nh5 1/2-1/2

[Event "SUI-chT"]
[Site "Switzerland"]
[Date "2017.09.02"]
[Round "6.7"]
[White "Mutschnik, Illya"]
[Black "Wildi, Marcel"]
[Result "1/2-1/2"]
[WhiteElo "2424"]
[BlackElo "2257"]
[PlyCount "82"]
[EventDate "2017.03.19"]
[EventType "team-swiss"]
[EventRounds "9"]
[EventCountry "SUI"]
[SourceTitle "EXT 2018"]
[Source "ChessBase"]
[SourceDate "2017.10.13"]
[SourceVersion "1"]
[SourceVersionDate "2017.10.13"]
[SourceQuality "1"]
[WhiteTeam "Zuerich"]
[BlackTeam "Bodan"]
[WhiteTeamCountry "SUI"]
[BlackTeamCountry "SUI"]

1. e4 c6 2. d4 d5 3. exd5 cxd5 4. c4 Nf6 5. Nc3 e6 6. Nf3 Bb4 7. cxd5 Nxd5 8. Qc2 Nc6 9. Bd3 Ba5 10. a3 Nxc3 11. bxc3 Nxd4 12. Nxd4 Qxd4 13. Bb5+ Kf8 14. 0-0 Qxc3 15. Qb1 Qf6 16. Bb2 Bc3 17. Bxc3 Qxc3 18. Rd1 g6 19. Rd3 Qe5 20. Qb4+ Kg7 21. Rad1 a5 22. Qc4 Qf6 23. Rd6 h5 24. f4 a4 25. g3 h4 26. g4 h3 27. Kf2 Ra5 28. R1d2 g5 29. R2d4 gxf4 30. Qb4 b6 31. Rxb6 Ra7 32. Rxf4 Qh4+ 33. Kf1 Rd8 34. Qc3+ Kg8 35. Be2 Bb7 36. Rb5 Bg2+ 37. Kg1 Rad7 38. Rb1 Rd2 39. Qe5 Qe7 40. Rxa4 R8d5 41. Qe3 Qf6 1/2-1/2

[Event "SUI-chT"]
[Site "Switzerland"]
[Date "2017.05.14"]
[Round "4.6"]
[White "Hauser, Roland"]
[Black "Mutschnik, Illya"]
[Result "0-1"]
[WhiteElo "2130"]
[BlackElo "2424"]
[PlyCount "68"]
[EventDate "2017.03.19"]
[EventType "team-swiss"]
[EventRounds "9"]
[EventCountry "SUI"]
[SourceTitle "EXT 2018"]
[Source "ChessBase"]
[SourceDate "2017.10.13"]
[SourceVersion "1"]
[SourceVersionDate "2017.10.13"]
[SourceQuality "1"]
[WhiteTeam "Neuchatel"]
[BlackTeam "Zuerich"]
[WhiteTeamCountry "SUI"]
[BlackTeamCountry "SUI"]

1. d4 Nf6 2. Bg5 Ne4 3. Bf4 c5 4. f3 Qa5+ 5. c3 Nf6 6. d5 e6 7. e4 exd5 8. exd5 d6 9. Na3 Be7 10. Ne2 Nh5 11. Be3 f5 12. Qd2 Qd8 13. Ng3 Nxg3 14. hxg3 Nd7 15. Bd3 Ne5 16. Nc4 Nxd3+ 17. Qxd3 b5 18. Nd2 Bd7 19. Kf2 0-0 20. Rh2 h6 21. Rah1 Bf6 22. Bxh6 gxh6 23. Rxh6 c4 24. Qe3 Qb6 25. Qxb6 axb6 26. a3 Kf7 27. Rh7+ Bg7 28. R1h6 Kg8 29. Rh1 Be8 30. R7h2 Bf7 31. Rd1 Rfe8 32. Rhh1 Re5 33. f4 Rxd5 34. Nf3 b4 0-1

[Event "Oberliga Baden 1617"]
[Site "Baden"]
[Date "2017.01.15"]
[Round "4.6"]
[White "Zichanowicz, Mark"]
[Black "Mutschnik, Illya"]
[Result "0-1"]
[WhiteElo "2138"]
[BlackElo "2426"]
[PlyCount "88"]
[EventDate "2016.10.16"]
[EventType "team-tourn"]
[EventRounds "9"]
[EventCountry "GER"]
[SourceTitle "EXT 2018"]
[Source "ChessBase"]
[SourceDate "2017.10.13"]
[SourceVersion "1"]
[SourceVersionDate "2017.10.13"]
[SourceQuality "1"]
[WhiteTeam "Waldshut Tiengen"]
[BlackTeam "Baden-Baden II"]
[WhiteTeamCountry "GER"]
[BlackTeamCountry "GER"]

1. e4 c5 2. Nf3 e6 3. Nc3 Nc6 4. d4 cxd4 5. Nxd4 Qc7 6. Be2 Nf6 7. 0-0 a6 8. a3 Nxd4 9. Qxd4 Bc5 10. Qd3 b5 11. Bf3 Rb8 12. Bg5 h6 13. Bh4 g5 14. Bg3 e5 15. Nd5 Nxd5 16. Qxd5 d6 17. Qd2 Be6 18. Be2 Ke7 19. Kh1 a5 20. Bd3 b4 21. axb4 axb4 22. f3 Ra8 23. Bf2 Qb6 24. Bxc5 Qxc5 25. h3 Rhc8 26. Kh2 Qd4 27. Rxa8 Rxa8 28. b3 Ra2 29. Rb1 f5 30. Qe1 f4 31. Qg1 Qxg1+ 32. Kxg1 Kd7 33. Bb5+ Kc7 34. Rc1 Ra5 35. Ba4 Rc5 36. Kf2 d5 37. Ke2 dxe4 38. fxe4 Rc3 39. Kf2 h5 40. Kf1 g4 41. hxg4 hxg4 42. Kf2 Kb6 43. Ke2 Kc5 44. Kd2 Rg3 0-1

[Event "BL2-Sued 1516"]
[Site "Germany"]
[Date "2016.03.13"]
[Round "8.3"]
[White "Tarlev, Konstantin"]
[Black "Mutschnik, Illya"]
[Result "1-0"]
[WhiteElo "2578"]
[BlackElo "2430"]
[PlyCount "91"]
[EventDate "2015.09.20"]
[EventType "team-tourn"]
[EventRounds "9"]
[EventCountry "GER"]
[SourceTitle "EXT 2017"]
[Source "ChessBase"]
[SourceDate "2016.10.25"]
[SourceVersion "1"]
[SourceVersionDate "2016.10.25"]
[SourceQuality "1"]
[WhiteTeam "Viernheim"]
[BlackTeam "Baden-Baden II"]
[WhiteTeamCountry "GER"]
[BlackTeamCountry "GER"]

1. e4 c5 2. Nf3 e6 3. d4 cxd4 4. Nxd4 Nc6 5. Nc3 Qc7 6. Be2 a6 7. 0-0 Nf6 8. Be3 Bb4 9. Na4 Bd6 10. g3 b5 11. Nb6 Rb8 12. Nxc8 Rxc8 13. c4 Nxd4 14. Bxd4 e5 15. Be3 b4 16. c5 Bxc5 17. Bxa6 Ra8 18. Rc1 d6 19. Bb5+ Ke7 20. a4 Rhd8 21. Bg5 Qa7 22. Qh5 h6 23. Bxf6+ gxf6 24. Bc4 Rf8 25. b3 Rac8 26. Kg2 Bd4 27. Qxh6 Rh8 28. Qg7 Rhf8 29. Rfd1 Rc5 30. Rd3 Qb7 31. Qh7 Qc8 32. Qh5 d5 33. Rxd4 Rh8 34. Qxh8 Qxh8 35. Rxd5 Rxd5 36. Bxd5 Qd8 37. Rc5 f5 38. exf5 Qb6 39. f6+ Qxf6 40. Rc7+ Kd8 41. Rxf7 Qd6 42. Bc4 Qc6+ 43. Kg1 Qe4 44. a5 Qb1+ 45. Kg2 Qe4+ 46. Kh3 1-0

[Event "BL2-Sued 1516"]
[Site "Germany"]
[Date "2016.02.21"]
[Round "7.3"]
[White "Mutschnik, Illya"]
[Black "Bosiocic, Marin"]
[Result "1/2-1/2"]
[WhiteElo "2430"]
[BlackElo "2566"]
[PlyCount "84"]
[EventDate "2015.09.20"]
[EventType "team-tourn"]
[EventRounds "9"]
[EventCountry "GER"]
[SourceTitle "EXT 2017"]
[Source "ChessBase"]
[SourceDate "2016.10.25"]
[SourceVersion "1"]
[SourceVersionDate "2016.10.25"]
[SourceQuality "1"]
[WhiteTeam "Baden-Baden II"]
[BlackTeam "Schoenaich"]
[WhiteTeamCountry "GER"]
[BlackTeamCountry "GER"]

1. e4 e5 2. Nf3 Nc6 3. Bb5 Nge7 4. 0-0 g6 5. c3 a6 6. Ba4 Bg7 7. d4 exd4 8. cxd4 b5 9. Bb3 0-0 10. Nc3 d6 11. h3 Bb7 12. Be3 Na5 13. Bc2 Nc4 14. Bc1 c5 15. b3 cxd4 16. Nxd4 Nc6 17. Nce2 Nxd4 18. Nxd4 Qb6 19. bxc4 Qxd4 20. Qxd4 Bxd4 21. Rb1 Rfc8 22. Rd1 Be5 23. Bd3 bxc4 24. Rxb7 cxd3 25. Be3 Rc4 26. f3 Bg3 27. Rb3 Rc2 28. a3 h5 29. Rbxd3 h4 30. R1d2 Rac8 31. Rxc2 Rxc2 32. Kf1 f6 33. f4 Kf7 34. Rxd6 Rc4 35. Bd4 Ke7 36. Rd5 Bxf4 37. Ke2 Ke6 38. Kd3 Ra4 39. Bc5 Bc7 40. Bb4 a5 41. Bc5 f5 42. Rd4 Rxd4+ 1/2-1/2

[Event "BL2-Sued 1415"]
[Site "Germany"]
[Date "2015.04.12"]
[Round "9.3"]
[White "Legde, Georg"]
[Black "Mutschnik, Illya"]
[Result "1/2-1/2"]
[WhiteElo "2339"]
[BlackElo "2437"]
[PlyCount "37"]
[EventDate "2014.09.21"]
[EventType "team-tourn"]
[EventRounds "9"]
[EventCountry "GER"]
[SourceTitle "CBM 166 Extra"]
[Source "ChessBase"]
[SourceDate "2015.06.18"]
[SourceVersion "1"]
[SourceVersionDate "2015.06.18"]
[SourceQuality "1"]
[WhiteTeam "Moerlenbach Birkenau"]
[BlackTeam "Baden-Baden II"]
[WhiteTeamCountry "GER"]
[BlackTeamCountry "GER"]

1. d4 Nf6 2. c4 g6 3. Nc3 Bg7 4. e4 d6 5. f4 0-0 6. Nf3 c5 7. dxc5 Qa5 8. Bd3 Qxc5 9. Qe2 Bg4 10. Be3 Qa5 11. 0-0 Nc6 12. Rac1 Nd7 13. Qf2 Bxf3 14. gxf3 Nc5 15. Bb1 Na4 16. Nd1 Nc5 17. Nc3 Na4 18. Nd1 Nc5 19. Nc3 1/2-1/2

[Event "BL2-Sued 1314"]
[Site "Germany"]
[Date "2013.12.15"]
[Round "4.3"]
[White "Mutschnik, Illya"]
[Black "Vatter, Hans Joachim"]
[Result "1/2-1/2"]
[WhiteElo "2456"]
[BlackElo "2278"]
[PlyCount "60"]
[EventDate "2013.10.13"]
[EventType "team-tourn"]
[EventRounds "9"]
[EventCountry "GER"]
[SourceTitle "EXT 2015"]
[Source "ChessBase"]
[SourceDate "2014.11.20"]
[SourceVersion "1"]
[SourceVersionDate "2014.11.20"]
[SourceQuality "1"]
[WhiteTeam "Baden-Baden II"]
[BlackTeam "Untergrombach"]
[WhiteTeamCountry "GER"]
[BlackTeamCountry "GER"]

1. e4 d5 2. exd5 Qxd5 3. Nc3 Qd6 4. d4 Nf6 5. Nge2 c6 6. Bf4 Qd8 7. Ng3 Be6 8. Qd2 Nbd7 9. 0-0-0 Qa5 10. a3 Nb6 11. Nge4 Nxe4 12. Nxe4 Qxd2+ 13. Rxd2 Bc4 14. Bxc4 Nxc4 15. Rd3 e6 16. a4 0-0-0 17. b3 Nd6 18. Re1 Nxe4 19. Rxe4 Bd6 20. Bxd6 Rxd6 21. Rg3 g6 22. Rf4 Rd7 23. Kb2 Re8 24. Kc3 e5 25. Re4 exd4+ 26. Rxd4 Rxd4 27. Kxd4 Re2 28. Rf3 f5 29. Kd3 Re7 30. Re3 Kd7 1/2-1/2